000
00272nam a22001097a 4500
082
_a
100
100
_a
OSHO
_9
18534
245
_a
OSHO THE SUPREME DOCTRINE Talks on the Kenopanishad
260
_a
Mumbai
_b
Jaico Publishing House
_c
2023
650
_a
Philosophy
942
_c
BK
999
_c
67412
_d
67412